Statistiques concernant Communes Anversoises sur une Carte

Cliquez ici pour prendre le quiz!

Statistiques générales

  • Ce quiz a été pris 19 fois
  • Le résultat moyen est 27 sur 69

Réponses sur la Carte

Les réponses sont colorées sur une échelle allant du rouge au vert en fonction du pourcentage des utilisateurs qui les ont devinées à leur premier essai. Vous pouvez retrouver ces pourcentages ci-dessous.
 

Statistiques - réponses

Commune% Correct
Anvers
100%
Turnhout
69%
Malines
63%
Calmpthout
56%
Edegem
56%
Herentals
56%
Baerle-Duc
50%
Geel
50%
Lierre
50%
Mol
50%
Schoten
50%
Arendonk
44%
Berlaar
44%
Brasschaat
44%
Duffel
44%
Essen
44%
Heist-sur-la-Montagne
44%
Kapellen
44%
Kontich
44%
Mortsel
44%
Putte
44%
Ravels
44%
Aartselaar
38%
Boechout
38%
Boom
38%
Bornem
38%
Borsbeek
38%
Brecht
38%
Lille
38%
Lint
38%
Malle
38%
Nijlen
38%
Puers-Saint-Amand
38%
Ranst
38%
Schilde
38%
Westerlo
38%
Wommelghem
38%
Zwijndrecht
38%
Balen
31%
Beerse
31%
Bonheiden
31%
Dessel
31%
Grobbendonk
31%
Hemiksem
31%
Herenthout
31%
Herselt
31%
Hoogstraten
31%
Hove
31%
Hulshout
31%
Kasterlee
31%
Laakdal
31%
Meerhout
31%
Merksplas
31%
Niel
31%
Olen
31%
Réthy
31%
Rijkevorsel
31%
Rumst
31%
Schelle
31%
Stabroek
31%
Vieux-Turnhout
31%
Wavre-Sainte-Catherine
31%
Wijnegem
31%
Willebroek
31%
Wuustwezel
31%
Zandhoven
31%
Zoersel
31%
Vorselaer
25%
Vosselaer
25%

Distribution des résultats

Percentile par nombre de réponses

% des personnes avec chaque résultat

Votre développement - résultats

Vous n’avez pas pris ce quiz